000 00447nam a2200181Ia 4500
001 19150
005 20260306171723.0
008 260306s9999||||xx |||||||||||||| ||und||
041 _aESP
082 _a658.8
_bM32
100 _aMayorga Gutiérrez, David
_eAUT
245 0 _aMarketing estratégico en la empresa peruana
260 _c2002
300 _a341 páginas :
_c21 cm.
650 _aGEN
654 _aCAN
942 _cLIB
_dJUS
_fJUS
_2ddc
_n
999 _c19150
_d19150